000 00287nam a2200133Ia 4500
100 _aDent/Jack/ Tony/Gaddis
942 _cBK
654 _aunix
245 _aGuide to UNIX using LINUX
260 _bThomsan Learning
_c2001
082 _a5.133
_bDEN
300 _a552
546 _aENGLISH
999 _c34526
_d34526